| 000 | 01077nam a2200301 c 4500 | ||
|---|---|---|---|
| 003 | BLK | ||
| 005 | 20180420222544.0 | ||
| 008 | 180408b bul|||||r ||||||| ||bul|| | ||
| 010 | _aKNG00060059000 | ||
| 040 | _aBLK | ||
| 041 |
_aBUL _cBUL |
||
| 080 |
_aПазар. Анализ на пазара. Търсене. Предлагане. Конкуренция. Маркетингова логистика _b339.13 _x _z339.13 |
||
| 100 | 1 |
_aКеремидчиев, Емил _eпърви автор _9255239 |
|
| 139 |
_aКеремидчиев, Емил _bК 52 |
||
| 245 | 1 | 0 |
_aОснови на маркетинга _bСтратегии, управление _cЕмил Керемидчиев. |
| 257 | _aBGR | ||
| 260 |
_аСофия _bВек 22 _c1991 |
||
| 300 |
_a206 с. _c22 см |
||
| 380 | _a3 | ||
| 490 | 1 |
_aСерия Бизнес клуб _v1 |
|
| 650 | 4 |
_aМаркетинг _9161163 |
|
| 653 | _aмаркетинг | ||
| 852 | _aЦб 167625 | ||
| 856 | 4 |
_qpdf _u |
|
| 856 | 4 |
_qpdf _u |
|
| 942 |
_cKNG _n0 |
||
| 944 |
_aCR _c13.06.2004 _kЦветанка_Енчева |
||
| 944 |
_aED _c07.06.2007 _k |
||
| 999 |
_c56082 _d56082 |
||